[Event "Poti op 12th"]
[Site "Poti"]
[Date "2017.07.16"]
[Round "3"]
[White "Janiashvili, Irakli"]
[Black "Velieva, Hurma"]
[Result "0-1"]
[WhiteElo "2191"]
[BlackElo "2027"]
[PlyCount "81"]
[EventDate "2017.07.14"]
[EventType "swiss"]
[EventRounds "9"]
[EventCountry "GEO"]
[SourceTitle "CBM 179 Extra"]
[Source "ChessBase"]
[SourceDate "2017.08.23"]
[SourceVersion "1"]
[SourceVersionDate "2017.08.23"]
[SourceQuality "1"]

1. e3 d5 2. d4 Nf6 3. f4 c5 4. Nf3 Nc6 5. c3 cxd4 6. exd4 Bg4 7. Bd3 e6 8. 0-0 Bd6 9. Qb3 Qc7 10. Ne5 0-0 11. Qc2 Bh5 12. Be3 Rac8 13. a3 Bxe5 14. fxe5 Ng4 15. Bf2 Bg6 16. Bxg6 hxg6 17. Qe2 Nxf2 18. Rxf2 Qb6 19. Qd3 Na5 20. b4 Nb3 21. Raa2 Nc1 22. Qd2 Nxa2 23. Qxa2 a5 24. Rf3 axb4 25. Qb2 Qa6 26. Qxb4 Rc7 27. h4 Ra8 28. Qb2 Qa4 29. Kh2 Ra5 30. Qb6 Rd7 31. c4 Ra6 32. Qb2 dxc4 33. Nc3 Qxa3 34. Qb5 Qe7 35. Ne4 Rxd4 36. Rf4 Qd7 37. Qc5 Rc6 38. Qa7 Rxe4 39. Rxe4 c3 40. Rd4 Qc8 41. g3 0-1

[Event "Chigorin Memorial 24th"]
[Site "St Petersburg"]
[Date "2016.10.23"]
[Round "9"]
[White "Demianjuk, Alexander"]
[Black "Janiashvili, Irakli"]
[Result "1/2-1/2"]
[WhiteElo "2302"]
[BlackElo "2171"]
[PlyCount "98"]
[EventDate "2016.10.15"]
[EventType "swiss"]
[EventRounds "9"]
[EventCountry "RUS"]
[SourceTitle "CBM 175 Extra"]
[Source "ChessBase"]
[SourceDate "2016.12.12"]
[SourceVersion "1"]
[SourceVersionDate "2016.12.12"]
[SourceQuality "1"]

1. d4 Nf6 2. c4 e6 3. Nc3 d5 4. cxd5 exd5 5. Bg5 Be7 6. e3 c6 7. Bd3 Nbd7 8. Nf3 Nh5 9. Bxe7 Qxe7 10. 0-0 Nhf6 11. Qc2 0-0 12. Rab1 h6 13. b4 Nb6 14. b5 c5 15. dxc5 Qxc5 16. Rfc1 Be6 17. Ne4 Nxe4 18. Qxc5 Nxc5 19. Rxc5 Rac8 20. Rbc1 Rxc5 21. Rxc5 Rc8 22. Rxc8+ Nxc8 23. Nd4 Kf8 24. Kf1 Ke7 25. Ke2 Kd6 26. Kd2 Nb6 27. Bc2 Nc4+ 28. Kc3 Ne5 29. h3 g5 30. Nb3 Bd7 31. Nd4 h5 32. a4 h4 33. Bf5 f6 34. Bxd7 Nxd7 35. f4 Nb6 36. fxg5 fxg5 37. a5 Nc4 38. Nf3 Nxe3 39. Nxg5 Kc5 40. b6 a6 41. Ne6+ Kb5 42. Kd4 Nc4 43. Kxd5 Nxa5 44. Nd4+ Kxb6 45. Nf3 Kc7 46. Nxh4 Nc6 47. Nf3 a5 48. Kc4 a4 49. Ne1 Kd6 1/2-1/2

[Event "Barcelona Edami op 8th"]
[Site "Barcelona"]
[Date "2010.03.16"]
[Round "7.1"]
[White "Tarrago Domingo, Miguel"]
[Black "Janiashvili, Irakli"]
[Result "1/2-1/2"]
[WhiteElo "2064"]
[BlackElo "2264"]
[PlyCount "125"]
[EventDate "2010.02.02"]
[EventType "swiss"]
[EventRounds "8"]
[EventCountry "ESP"]
[SourceTitle "EXT 2024"]
[Source "ChessBase"]
[SourceDate "2023.10.10"]
[SourceVersion "1"]
[SourceVersionDate "2023.10.10"]
[SourceQuality "1"]

1. Nf3 d5 2. c4 e6 3. g3 Nf6 4. Bg2 Be7 5. b3 0-0 6. 0-0 b6 7. Bb2 Bb7 8. e3 Nbd7 9. Nc3 c5 10. cxd5 Nxd5 11. Nxd5 Bxd5 12. Qe2 Bf6 13. Bxf6 Qxf6 14. d4 Rac8 15. Rac1 cxd4 16. Nxd4 Bxg2 17. Kxg2 e5 18. Nf3 e4 19. Nd4 Nc5 20. Qg4 Rce8 21. b4 Nd3 22. Rc6 Qe7 23. Nf5 Qe5 24. a3 g6 25. Nd4 h5 26. Qd7 Re7 27. Qd6 Ra8 28. Qxe5 Nxe5 29. Rc3 Kg7 30. Rd1 Rd7 31. h3 Rad8 32. Rb1 Nd3 33. Kf1 Ne5 34. Rbc1 Kf6 35. Rc7 Nf3 36. Nxf3 exf3 37. Rxd7 Rxd7 38. Ke1 Rd3 39. Rc4 Rxa3 40. Rf4+ Ke6 41. Rxf3 g5 42. h4 Rb3 43. hxg5 Rxb4 44. Rf6+ Ke7 45. Kd2 Rb5 46. Rc6 Kd7 47. Rf6 Ke8 48. f4 Rb2+ 49. Kc3 Rg2 50. g6 Rxg3 51. gxf7+ Kf8 52. Kd4 Rg7 53. Rh6 Rxf7 54. Rxh5 a5 55. Rb5 Rb7 56. Kd5 a4 57. Kc6 a3 58. Rb1 Re7 59. Kxb6 Rxe3 60. Ra1 Kf7 61. Kb5 Kf6 62. Kb4 Kf5 63. Rxa3 1/2-1/2

[Event "Sabadell Colon op 4th"]
[Site "Sabadell"]
[Date "2010.02.26"]
[Round "5.1"]
[White "Ramon Solans, Albert"]
[Black "Janiashvili, Irakli"]
[Result "1/2-1/2"]
[WhiteElo "2166"]
[BlackElo "2264"]
[PlyCount "97"]
[EventDate "2010.01.29"]
[EventType "swiss"]
[EventRounds "9"]
[EventCountry "ESP"]
[SourceTitle "EXT 2024"]
[Source "ChessBase"]
[SourceDate "2023.10.10"]
[SourceVersion "1"]
[SourceVersionDate "2023.10.10"]
[SourceQuality "1"]

1. d4 Nf6 2. c4 e6 3. Nc3 d5 4. cxd5 exd5 5. Bg5 Be7 6. e3 c6 7. Bd3 Nbd7 8. Qc2 Nh5 9. Bxe7 Qxe7 10. 0-0-0 Nb6 11. h3 g6 12. Nf3 Be6 13. g4 Ng7 14. Kb1 0-0-0 15. Rc1 Kb8 16. Na4 h5 17. Ne5 Rc8 18. Nc5 Nd7 19. Nexd7+ Bxd7 20. Qb3 b6 21. Ba6 Rc7 22. Be2 Ka8 23. Na6 Rcc8 24. Bf3 hxg4 25. hxg4 Rxh1 26. Bxh1 Qd6 27. Bf3 Ne6 28. Qb4 Qxb4 29. Nxb4 Ng5 30. Bg2 a5 31. Nd3 f6 32. f4 Nf7 33. Nf2 Rh8 34. Rh1 Rxh1+ 35. Bxh1 Kb7 36. Bf3 Nd6 37. b3 Kc7 38. Kb2 Bc8 39. Be2 g5 40. Kc3 Nf7 41. Nh3 Nh6 42. fxg5 fxg5 43. Nxg5 Bxg4 44. Bxg4 Nxg4 45. Kd3 c5 46. e4 dxe4+ 47. Nxe4 cxd4 48. Kxd4 Kd7 49. Nd2 1/2-1/2

[Event "Barcelona Edami op 8th"]
[Site "Barcelona"]
[Date "2010.02.23"]
[Round "4.1"]
[White "Costa Trave, Jaume"]
[Black "Janiashvili, Irakli"]
[Result "0-1"]
[WhiteElo "2032"]
[BlackElo "2264"]
[PlyCount "84"]
[EventDate "2010.02.02"]
[EventType "swiss"]
[EventRounds "8"]
[EventCountry "ESP"]
[SourceTitle "EXT 2024"]
[Source "ChessBase"]
[SourceDate "2023.10.10"]
[SourceVersion "1"]
[SourceVersionDate "2023.10.10"]
[SourceQuality "1"]

1. d4 d5 2. Nc3 Nf6 3. Bf4 e6 4. e3 a6 5. Bd3 c5 6. Nf3 Nc6 7. a3 Be7 8. 0-0 0-0 9. h3 b5 10. Ne5 Qb6 11. dxc5 Bxc5 12. b4 Be7 13. Ne2 Nd7 14. Nxc6 Qxc6 15. Nd4 Qb6 16. Nf3 Bf6 17. e4 Bxa1 18. Qxa1 dxe4 19. Bxe4 Bb7 20. Bd3 Bd5 21. Qd1 h6 22. Qd2 Bxf3 23. gxf3 e5 24. Be3 Qe6 25. Kh2 f5 26. f4 e4 27. Be2 Nf6 28. Qc3 Rac8 29. Qb2 Qd6 30. a4 Rb8 31. axb5 axb5 32. c4 bxc4 33. Bxc4+ Kh7 34. b5 Rb7 35. b6 Nd5 36. Bxd5 Qxd5 37. Qb4 Rg8 38. Rc1 g5 39. Rc7+ Rg7 40. Rxb7 Qxb7 41. Qc4 gxf4 42. Bxf4 Qxb6 0-1

[Event "Barcelona Edami op 8th"]
[Site "Barcelona"]
[Date "2010.02.16"]
[Round "3.1"]
[White "Janiashvili, Irakli"]
[Black "Molano Lafuente, Ismael"]
[Result "1-0"]
[WhiteElo "2264"]
[BlackElo "2065"]
[PlyCount "69"]
[EventDate "2010.02.02"]
[EventType "swiss"]
[EventRounds "8"]
[EventCountry "ESP"]
[SourceTitle "EXT 2024"]
[Source "ChessBase"]
[SourceDate "2023.10.10"]
[SourceVersion "1"]
[SourceVersionDate "2023.10.10"]
[SourceQuality "1"]

1. e4 e5 2. Nf3 Nc6 3. d4 exd4 4. Bc4 Be7 5. c3 d3 6. Qb3 Na5 7. Bxf7+ Kf8 8. Qa4 c6 9. Bxg8 b5 10. Qd4 Kxg8 11. Qxd3 d6 12. 0-0 Be6 13. b3 Nb7 14. Nd4 Nc5 15. Qe2 Qd7 16. Ba3 Nb7 17. Nd2 Bf6 18. f4 Bg4 19. Qd3 c5 20. N4f3 Re8 21. Rae1 h6 22. h3 Bh5 23. e5 Bd8 24. c4 b4 25. Bb2 Re7 26. Ne4 Bxf3 27. Qxf3 dxe5 28. Rd1 Qc8 29. fxe5 Bb6 30. Qg3 Kh7 31. Nf6+ gxf6 32. exf6 Rf7 33. Qd3+ Kg8 34. Qg6+ Kf8 35. Qg7+ 1-0

[Event "EU-ch U16 18th"]
[Site "Herceg Novi"]
[Date "2008.09.19"]
[Round "5"]
[White "Sieciechowicz, Marcin"]
[Black "Janiashvili, Irakli"]
[Result "1-0"]
[WhiteElo "2311"]
[BlackElo "2192"]
[PlyCount "93"]
[EventDate "2008.09.15"]
[EventType "swiss"]
[EventRounds "9"]
[EventCountry "MNE"]
[SourceTitle "CBM 126 Extra"]
[Source "ChessBase"]
[SourceDate "2008.11.05"]
[SourceVersion "1"]
[SourceVersionDate "2008.11.05"]
[SourceQuality "1"]

1. d4 e6 2. c4 d5 3. Nc3 Be7 4. Nf3 Nf6 5. Bg5 Nbd7 6. e3 0-0 7. Rc1 c6 8. Bd3 dxc4 9. Bxc4 Nd5 10. Bxe7 Qxe7 11. 0-0 Nxc3 12. Rxc3 Rd8 13. Bd3 Nf8 14. Qe2 Bd7 15. a3 Be8 16. b4 a6 17. Rb1 f6 18. a4 Ng6 19. Qc2 Nf8 20. h3 Ra7 21. Ra3 Bg6 22. Bxg6 Nxg6 23. Qc5 Raa8 24. Rc3 Rd5 25. Qxe7 Nxe7 26. b5 axb5 27. axb5 Rxb5 28. Rxb5 cxb5 29. Rc7 Nd5 30. Rxb7 Ra1+ 31. Kh2 Rb1 32. Nd2 Rb2 33. Ne4 h5 34. Kg3 Kh7 35. Nc5 e5 36. dxe5 fxe5 37. Nd3 Rb1 38. Nxe5 b4 39. Nf3 Nc3 40. Rb6 g6 41. Rb7+ Kg8 42. Nd4 Rb2 43. f3 h4+ 44. Kxh4 Rxg2 45. e4 Na4 46. Rxb4 Nc5 47. Rb5 1-0

[Event "EU-ch U16 18th"]
[Site "Herceg Novi"]
[Date "2008.09.15"]
[Round "1"]
[White "Skrinjar, Matic"]
[Black "Janiashvili, Irakli"]
[Result "1-0"]
[WhiteElo "1867"]
[BlackElo "2192"]
[PlyCount "69"]
[EventDate "2008.09.15"]
[EventType "swiss"]
[EventRounds "9"]
[EventCountry "MNE"]
[SourceTitle "CBM 126 Extra"]
[Source "ChessBase"]
[SourceDate "2008.11.05"]
[SourceVersion "1"]
[SourceVersionDate "2008.11.05"]
[SourceQuality "1"]

1. e4 c5 2. c3 Nf6 3. e5 Nd5 4. Nf3 e6 5. Bc4 Nb6 6. Bb3 d5 7. exd6 Bxd6 8. Na3 Bd7 9. d4 Qc7 10. dxc5 Bxc5 11. Nc2 Nc6 12. Be3 Bxe3 13. Nxe3 0-0-0 14. Qe2 Be8 15. 0-0 g5 16. Nxg5 Na5 17. Bxe6+ Kb8 18. b4 Nc6 19. Bb3 Rg8 20. f4 h6 21. Ne4 Bd7 22. Nf6 Rg6 23. Nxd7+ Rxd7 24. Qf3 Rf6 25. a3 Rd3 26. Rac1 Qe7 27. Rfe1 Qd6 28. g3 Nd4 29. cxd4 Rxb3 30. Nf5 Qd7 31. Qxb3 Rxf5 32. Qe3 a5 33. Qe8+ Qxe8 34. Rxe8+ Ka7 35. Rc5 1-0

[Event "World ol U16 07th"]
[Site "Mersin"]
[Date "2008.08.20"]
[Round "5"]
[White "Janiashvili, Irakli"]
[Black "Durarbayli, Vasif"]
[Result "0-1"]
[WhiteElo "2192"]
[BlackElo "2413"]
[PlyCount "98"]
[EventDate "2008.08.17"]
[EventType "team-swiss"]
[EventRounds "10"]
[EventCountry "TUR"]
[SourceTitle "CBM 126 Extra"]
[Source "ChessBase"]
[SourceDate "2008.11.05"]
[SourceVersion "1"]
[SourceVersionDate "2008.11.05"]
[SourceQuality "1"]

1. e4 c5 2. c3 g6 3. Nf3 Bg7 4. Bc4 e6 5. 0-0 Nc6 6. d4 cxd4 7. cxd4 d5 8. exd5 exd5 9. Bb3 Nge7 10. h3 0-0 11. Nc3 Be6 12. Bf4 Nf5 13. Be5 Nxe5 14. dxe5 Qa5 15. Qd3 Rfd8 16. Rfe1 Ne7 17. Nd4 Nc6 18. f4 Bf8 19. Nce2 Qb6 20. Kh1 Bc5 21. Rad1 a5 22. f5 Bxd4 23. fxe6 Bxe5 24. exf7+ Kxf7 25. Nc3 Kg7 26. Nxd5 Qc5 27. Qe4 a4 28. Bc2 Qf2 29. Ne3 Rxd1 30. Rxd1 Rf8 31. Qd3 Nb4 32. Qe4 Nc6 33. Qd3 Nb4 34. Qe4 Qf4 35. Qxf4 Bxf4 36. a3 Nxc2 37. Nxc2 Be5 38. Kg1 Rc8 39. Nd4 Rc4 40. Nf3 Bxb2 41. Rd7+ Kg8 42. Rxb7 Bxa3 43. Ng5 Bc5+ 44. Kf1 Rf4+ 45. Ke2 a3 46. Rb5 a2 47. Ra5 Bd4 48. Ne6 Rf2+ 49. Ke1 Bc3+ 0-1

[Event "World ol U16 07th"]
[Site "Mersin"]
[Date "2008.08.20"]
[Round "6"]
[White "Rosenthal, Jonathan"]
[Black "Janiashvili, Irakli"]
[Result "1/2-1/2"]
[WhiteElo "2248"]
[BlackElo "2192"]
[PlyCount "58"]
[EventDate "2008.08.17"]
[EventType "team-swiss"]
[EventRounds "10"]
[EventCountry "TUR"]
[SourceTitle "CBM 126 Extra"]
[Source "ChessBase"]
[SourceDate "2008.11.05"]
[SourceVersion "1"]
[SourceVersionDate "2008.11.05"]
[SourceQuality "1"]

1. d4 d5 2. c4 e6 3. Nc3 Nf6 4. cxd5 exd5 5. Bg5 Be7 6. e3 c6 7. Qc2 Nbd7 8. Bd3 Nh5 9. Bxe7 Qxe7 10. 0-0-0 Nb6 11. h3 g6 12. Nf3 Be6 13. g4 Ng7 14. Rhe1 0-0-0 15. Kb1 h5 16. Ne5 Nd7 17. Nxd7 Qxd7 18. f3 hxg4 19. hxg4 Qc7 20. Rh1 Qg3 21. Qe2 f5 22. gxf5 Bxf5 23. Bxf5+ Nxf5 24. Rhg1 Qd6 25. e4 dxe4 26. fxe4 Nxd4 27. Qg4+ Kb8 28. Qxg6 Qxg6 29. Rxg6 Nf3 1/2-1/2

[Event "World ol U16 07th"]
[Site "Mersin"]
[Date "2008.08.17"]
[Round "1"]
[White "Janiashvili, Irakli"]
[Black "Asan, Elvan"]
[Result "1-0"]
[WhiteElo "2192"]
[BlackElo "1874"]
[PlyCount "65"]
[EventDate "2008.08.17"]
[EventType "team-swiss"]
[EventRounds "10"]
[EventCountry "TUR"]
[SourceTitle "CBM 126 Extra"]
[Source "ChessBase"]
[SourceDate "2008.11.05"]
[SourceVersion "1"]
[SourceVersionDate "2008.11.05"]
[SourceQuality "1"]

1. e4 e5 2. Nf3 Nc6 3. d4 exd4 4. Bc4 h6 5. 0-0 Bc5 6. c3 Nge7 7. cxd4 Bb6 8. d5 Nb8 9. b4 d6 10. Bb2 0-0 11. Qb3 Ng6 12. Kh1 Nd7 13. Nbd2 Qe7 14. Nd4 Nde5 15. f4 Nxc4 16. Qxc4 f5 17. Rae1 fxe4 18. Rxe4 Qf7 19. Ne6 Bxe6 20. dxe6 Qe7 21. Nb3 c6 22. Ree1 d5 23. Qc1 Bc7 24. g3 Rae8 25. f5 Nh8 26. Nc5 Bd6 27. Nd7 Bxb4 28. Re3 Rf6 29. Nxf6+ gxf6 30. Rb3 Kh7 31. Rf4 Bd6 32. Rh4 Qg7 33. Rxb7 1-0

[Event "Wch U14"]
[Site "Batumi"]
[Date "2006.10.25"]
[Round "7"]
[White "Zhao, Nan"]
[Black "Janiashvili, Irakli"]
[Result "1-0"]
[WhiteElo "2255"]
[BlackElo "1996"]
[PlyCount "121"]
[EventDate "2006.10.19"]
[EventType "swiss"]
[EventRounds "13"]
[EventCountry "GEO"]
[SourceTitle "EXT 2007"]
[Source "ChessBase"]
[SourceDate "2006.11.23"]
[SourceVersion "1"]
[SourceVersionDate "2006.11.23"]
[SourceQuality "1"]

1. e4 e6 2. d4 d5 3. Nc3 Bb4 4. e5 Qd7 5. a3 Bf8 6. f4 b6 7. Nf3 Ba6 8. Bxa6 Nxa6 9. 0-0 Ne7 10. Be3 Nf5 11. Bf2 h5 12. Qd3 Nb8 13. Ne2 Be7 14. Ng3 Nxg3 15. Bxg3 Nc6 16. Kh1 0-0-0 17. b4 Rdg8 18. Be1 Kb7 19. b5 Nb8 20. Ng5 Bd8 21. c4 f6 22. Nf3 dxc4 23. Qxc4 c6 24. a4 Be7 25. Bb4 Rc8 26. Bxe7 Qxe7 27. a5 cxb5 28. Qxb5 Qd7 29. Qb3 b5 30. f5 Qd5 31. Nd2 a6 32. exf6 gxf6 33. fxe6 Qxd4 34. Qf3+ Ka7 35. Nb3 Qc3 36. Qxf6 Qxf6 37. Rxf6 Rhe8 38. Nd4 Nc6 39. Nf5 Rc7 40. Rc1 Kb8 41. h3 Nxa5 42. Rxc7 Kxc7 43. Rf7+ Kc6 44. Ng7 Rd8 45. e7 Rd1+ 46. Kh2 Re1 47. e8Q+ Rxe8 48. Nxe8 b4 49. g4 hxg4 50. hxg4 b3 51. g5 Nc4 52. g6 Ne3 53. Rc7+ Kd5 54. g7 Ng4+ 55. Kg3 Nh6 56. Rc3 b2 57. Rb3 Kc4 58. Rxb2 a5 59. Kf4 Ng8 60. Nd6+ Kc3 61. Rb8 1-0